The Personality Disorders Treatment Planner: Includes DSM-5 Updates (Record no. 346474)
[ view plain ]
| 000 -LEADER | |
|---|---|
| fixed length control field | 00363nam a2200109Ia 4500 |
| 008 - FIXED-LENGTH DATA ELEMENTS--GENERAL INFORMATION | |
| fixed length control field | 171204s9999 xx 000 0 und d |
| 245 #4 - TITLE STATEMENT | |
| Title | The Personality Disorders Treatment Planner: Includes DSM-5 Updates |
| 245 ## - TITLE STATEMENT | |
| Statement of responsibility, etc | Julia C. Smith and Neil R. Bockian |
| 260 ## - PUBLICATION, DISTRIBUTION, ETC. (IMPRINT) | |
| Date of publication, distribution, etc | 2016 |
| 650 ## - SUBJECT ADDED ENTRY--TOPICAL TERM | |
| General subdivision | PERSONALITY THEORIES |
| 856 ## - ELECTRONIC LOCATION AND ACCESS | |
| Uniform Resource Identifier | <a href="http://down.ebook777.com/052/0470908688.pdf">http://down.ebook777.com/052/0470908688.pdf</a> |
| Withdrawn status | Lost status | Damaged status | Home library | Current library | Date acquired | Total Checkouts | Date last seen | Price effective from | Koha item type |
|---|---|---|---|---|---|---|---|---|---|
| College Library | College Library | 12/04/2017 | 12/04/2017 | 12/04/2017 | Curriculum - Based eBooks |